000 00665nam a2200181Ia 4500
008 090124s9999 xx 000 0 und d
082 _b116105
100 _aभागवत अ.ल.
245 _a योगी अ.ल.भागवतांची अमृतवाणी भाग 1 ला
250 _a1
260 _c1975
300 _a95
600 _aभागवत अ.ल.
630 _a योगी अ.ल.भागवतांची अमृतवाणी भाग 1 ला
700 _aभागवत अ.ल.
730 _a योगी अ.ल.भागवतांची अमृतवाणी भाग 1 ला
942 _cBOOK
999 _c162196
_d162196